| 000 | 00962cam a22002898i 4500 | ||
|---|---|---|---|
| 001 | 18498026 | ||
| 003 | OSt | ||
| 005 | 20151014170500.0 | ||
| 008 | 150219s2015 nyu b 001 0 eng | ||
| 010 | _a 2015002303 | ||
| 020 | _a9780521809269 (hardback) | ||
| 040 |
_aDLC _beng _cDLC _erda |
||
| 042 | _apcc | ||
| 050 | 0 | 0 |
_aTK7815 _b.H67 2015 |
| 082 | 0 | 0 |
_a621.38132 _223 _bHPA |
| 100 | 1 |
_aHorowitz, Paul, _d1942- _951801 |
|
| 245 | 1 | 4 |
_aThe art of electronics / _cPaul Horowitz, Harvard University, Winfield Hill, Rowland Institute. |
| 250 | _aThird edition. | ||
| 263 | _a1111 | ||
| 300 | _apages cm | ||
| 504 | _aIncludes bibliographical references and index. | ||
| 650 | 0 |
_aElectronics. _952456 |
|
| 650 | 0 |
_aElectronic circuit design. _936712 |
|
| 906 |
_a0 _bvip _corignew _d1 _eecip _f20 _gy-gencatlg |
||
| 942 |
_2ddc _cBOOK |
||
| 999 |
_c38488 _d272988 |
||